Mechanics of Materials / (Record no. 2895)

MARC details
000 -LEADER
fixed length control field 00755cac a22002415a 4500
008 - FIXED-LENGTH DATA ELEMENTS--GENERAL INFORMATION
fixed length control field 100803t Si a f 001 0 eng d
010 ## - LIBRARY OF CONGRESS CONTROL NUMBER
LC control number 2004053109
020 ## - INTERNATIONAL STANDARD BOOK NUMBER
International Standard Book Number 0131918990
020 ## - INTERNATIONAL STANDARD BOOK NUMBER
International Standard Book Number 9780131918993
040 ## - CATALOGING SOURCE
Original cataloging agency EG-ScBUE
Language of cataloging eng
Modifying agency EG-ScBUE
082 04 - DEWEY DECIMAL CLASSIFICATION NUMBER
Classification number 620.112
Item number HIB
Edition number 22
100 1# - MAIN ENTRY--PERSONAL NAME
Personal name Hibbeler, R. C.
9 (RLIN) 17004
245 10 - TITLE STATEMENT
Title Mechanics of Materials /
Statement of responsibility, etc R.C. Hibbeler.
250 ## - EDITION STATEMENT
Edition statement 6th ed.
260 ## - PUBLICATION, DISTRIBUTION, ETC. (IMPRINT)
Place of publication, distribution, etc Singapore :
Name of publisher, distributor, etc Pearson Prentice Hall,
Date of publication, distribution, etc c.2008.
300 ## - PHYSICAL DESCRIPTION
Extent xvi, 873 p. :
Other physical details col. ill. ;
Dimensions 25 cm.
500 ## - GENERAL NOTE
General note Index : p. 897-909
650 #0 - SUBJECT ADDED ENTRY--TOPICAL TERM
Topical term or geographic name as entry element Strength of materials.
9 (RLIN) 17005
Source of heading or term BUEsh
650 #0 - SUBJECT ADDED ENTRY--TOPICAL TERM
Topical term or geographic name as entry element Structural analysis (Engineering)
9 (RLIN) 17006
Source of heading or term BUEsh
651 ## - SUBJECT ADDED ENTRY--GEOGRAPHIC NAME
Source of heading or term BUEsh
653 ## - INDEX TERM--UNCONTROLLED
Arrived date list August2015
Resource For college Engineering, Mechanical
942 ## - ADDED ENTRY ELEMENTS (KOHA)
Item type Book - Borrowing
Call number prefix 620.11HIB
Source of classification or shelving scheme Dewey Decimal Classification
Holdings
Withdrawn status Item status Damaged status Not for loan Home library Current library Shelving location Date acquired Source of acquisition Total Checkouts Total Renewals Full call number Barcode Date last seen Date last borrowed Koha item type Source of classification or shelving scheme Materials specified (bound volume or other part) Cost, normal purchase price Serial Enumeration / chronology
        Central Library Central Library First floor 08/03/2007 Purchase 25 67 620.11 HIB 000001241 15/07/2025 23/02/2021 Book - Borrowing        
        Central Library Central Library First floor 08/03/2007 Purchase 38 130 620.11 HIB 000001240 15/07/2025 11/02/2020 Book - Borrowing        
    Damaged   Central Library Central Library First floor 03/08/2010   14 136 620.11 HIB 000021625 20/01/2019 03/10/2018 Book - Borrowing Dewey Decimal Classification BOX05 217.50 71337